[Event "Mittelfrank Regionalliga Sud-Ost 2223"]
[Site "Mittelfranken"]
[Date "2023.02.05"]
[Round "6.1"]
[White "Westenthanner, Paul"]
[Black "Huber, Edwin"]
[Result "1-0"]
[WhiteElo "2046"]
[BlackElo "2127"]
[PlyCount "61"]
[EventDate "2022.10.09"]
[EventType "team-tourn"]
[EventRounds "9"]
[EventCountry "GER"]
[SourceTitle "EXT 2024"]
[Source "ChessBase"]
[SourceDate "2023.10.10"]
[SourceVersion "1"]
[SourceVersionDate "2023.10.10"]
[SourceQuality "1"]
[WhiteTeam "Landshut"]
[BlackTeam "Ilmmuenster"]
[WhiteTeamCountry "GER"]
[BlackTeamCountry "GER"]

1. d4 Nf6 2. Nf3 c5 3. d5 b5 4. c3 a6 5. a4 Bb7 6. e4 Nxe4 7. axb5 Nf6 8. bxa6 Nxa6 9. c4 Nb4 10. Rxa8 Qxa8 11. Nc3 e6 12. dxe6 dxe6 13. Be2 Be7 14. 0-0 0-0 15. Qa4 Qxa4 16. Nxa4 Ra8 17. b3 Bc6 18. Nc3 Ne4 19. Nxe4 Bxe4 20. Be3 Bc2 21. Nd2 Ra3 22. Bd1 Bd3 23. Re1 Nc2 24. Bxc2 Bxc2 25. Rc1 Bd3 26. g3 f6 27. Kg2 Kf7 28. Kf3 f5 29. Rc3 Be4+ 30. Nxe4 fxe4+ 31. Kxe4 1-0

[Event "Mittelfrank Regionalliga Sud-Ost 2122"]
[Site "Mittelfranken"]
[Date "2022.05.08"]
[Round "8.1"]
[White "Huber, Edwin"]
[Black "Glawe, Ralf"]
[Result "1-0"]
[WhiteElo "2166"]
[BlackElo "2067"]
[PlyCount "45"]
[EventDate "2021.10.24"]
[EventType "team-tourn"]
[EventRounds "9"]
[EventCountry "GER"]
[SourceTitle "EXT 2024"]
[Source "ChessBase"]
[SourceDate "2023.10.10"]
[SourceVersion "1"]
[SourceVersionDate "2023.10.10"]
[SourceQuality "1"]
[WhiteTeam "Ilmmuenster"]
[BlackTeam "Ingolstadt"]
[WhiteTeamCountry "GER"]
[BlackTeamCountry "GER"]

1. d4 Nf6 2. c4 e6 3. Nc3 Bb4 4. f3 0-0 5. e4 Ne8 6. Nh3 Bxc3+ 7. bxc3 b6 8. Bd3 Nc6 9. 0-0 Ba6 10. e5 Na5 11. Qe2 c5 12. f4 g6 13. f5 exf5 14. Bh6 Ng7 15. Bg5 Qc7 16. Nf4 Bb7 17. d5 Rae8 18. d6 Qb8 19. Bf6 Ne6 20. Qe3 Ng7 21. Nd5 Bxd5 22. Qh6 Nh5 23. Rxf5 1-0

[Event "Mittelfrank Regionalliga Sud-Ost 2122"]
[Site "Mittelfranken"]
[Date "2022.03.13"]
[Round "6.1"]
[White "Huber, Edwin"]
[Black "Sailer, Wolfgang"]
[Result "0-1"]
[WhiteElo "2166"]
[BlackElo "2170"]
[PlyCount "48"]
[EventDate "2021.10.24"]
[EventType "team-tourn"]
[EventRounds "9"]
[EventCountry "GER"]
[SourceTitle "EXT 2024"]
[Source "ChessBase"]
[SourceDate "2023.10.10"]
[SourceVersion "1"]
[SourceVersionDate "2023.10.10"]
[SourceQuality "1"]
[WhiteTeam "Ilmmuenster"]
[BlackTeam "Neuburg"]
[WhiteTeamCountry "GER"]
[BlackTeamCountry "GER"]

1. d4 g6 2. e4 Bg7 3. Nc3 c6 4. Bc4 d5 5. exd5 b5 6. Bb3 b4 7. Nce2 cxd5 8. a3 bxa3 9. Rxa3 Nf6 10. Nf3 0-0 11. 0-0 Nc6 12. h3 Na5 13. Ba2 Nc4 14. Bxc4 dxc4 15. Ne5 Bb7 16. Ra4 Rc8 17. f3 Nd5 18. Rxc4 Rxc4 19. Nxc4 Qc7 20. Ne3 Rd8 21. c3 e5 22. Qc2 Nxe3 23. Bxe3 exd4 24. Bg5 d3 0-1

[Event "Regionalliga Sued-Ost 1819"]
[Site "Bayern"]
[Date "2018.11.25"]
[Round "3.1"]
[White "Huber, Edwin"]
[Black "Schaefer, Matthias"]
[Result "0-1"]
[WhiteElo "2199"]
[BlackElo "2258"]
[PlyCount "52"]
[EventDate "2018.10.21"]
[EventType "team-tourn"]
[EventRounds "9"]
[EventCountry "GER"]
[SourceTitle "EXT 2022"]
[Source "ChessBase"]
[SourceDate "2021.10.06"]
[SourceVersion "1"]
[SourceVersionDate "2021.10.06"]
[SourceQuality "1"]
[WhiteTeam "Ilmmuenster"]
[BlackTeam "Starnberg SC"]
[WhiteTeamCountry "GER"]
[BlackTeamCountry "GER"]

1. d4 d5 2. e4 dxe4 3. Nc3 Nf6 4. f3 exf3 5. Nxf3 c6 6. Bc4 Bf5 7. 0-0 e6 8. Ng5 Bg6 9. Bxe6 fxe6 10. Nxe6 Qd7 11. Bg5 Kf7 12. Nf4 Bd6 13. Nxg6 hxg6 14. h3 Qe6 15. Qd3 Re8 16. d5 cxd5 17. Nxd5 Nbd7 18. Rad1 Rad8 19. Kh1 Be5 20. Nf4 Bxf4 21. Bxf4 Nc5 22. Qxd8 Rxd8 23. Rxd8 Nce4 24. b3 g5 25. Bb8 g4 26. Rd3 Nf2+ 0-1

[Event "Regionalliga Sued-Ost 1718"]
[Site "Bayern"]
[Date "2017.11.12"]
[Round "2.1"]
[White "Hausner, Ivan"]
[Black "Huber, Edwin"]
[Result "1-0"]
[WhiteElo "2315"]
[BlackElo "2134"]
[PlyCount "101"]
[EventDate "2017.10.22"]
[EventType "team-tourn"]
[EventRounds "9"]
[EventCountry "GER"]
[SourceTitle "EXT 2022"]
[Source "ChessBase"]
[SourceDate "2021.10.06"]
[SourceVersion "1"]
[SourceVersionDate "2021.10.06"]
[SourceQuality "1"]
[WhiteTeam "Bayerwald Regen/Zwiesel"]
[BlackTeam "Ilmmuenster"]
[WhiteTeamCountry "GER"]
[BlackTeamCountry "GER"]

1. c4 c5 2. Nf3 Nf6 3. d4 cxd4 4. Nxd4 e5 5. Nb5 d5 6. cxd5 Bc5 7. N5c3 e4 8. Nxe4 Bb4+ 9. Nec3 Qxd5 10. Qxd5 Nxd5 11. Bd2 Be6 12. Nxd5 Bxd2+ 13. Nxd2 Bxd5 14. e4 Bc6 15. f3 0-0 16. Be2 Rd8 17. Rd1 Na6 18. Bxa6 bxa6 19. Nc4 Kf8 20. Kf2 Ke7 21. Rxd8 Rxd8 22. Rc1 Bb5 23. Ke3 g5 24. b3 f6 25. h4 gxh4 26. Rh1 Rg8 27. Rxh4 Rxg2 28. Rxh7+ Ke6 29. a4 Bxc4 30. bxc4 Ra2 31. Rxa7 Rxa4 32. Kd4 Ra1 33. Kc5 Ke5 34. Kb6 Kd4 35. c5 Rb1+ 36. Kc6 Rc1 37. Rd7+ Ke3 38. Rf7 Kxf3 39. e5 Ke4 40. exf6 Ke5 41. Rf8 Ke6 42. Kb6 Kd7 43. f7 Ke7 44. Rd8 Kxf7 45. c6 Rb1+ 46. Kxa6 Ra1+ 47. Kb7 Rb1+ 48. Kc8 Ke7 49. Rd4 Re1 50. c7 Re2 51. Rb4 1-0

[Event "Regionalliga SO 1516"]
[Site "Bayern"]
[Date "2016.03.13"]
[Round "8.1"]
[White "Michaelis, Martin"]
[Black "Huber, Edwin"]
[Result "1-0"]
[WhiteElo "2253"]
[BlackElo "2172"]
[PlyCount "37"]
[EventDate "2015.10.11"]
[EventType "team-tourn"]
[EventRounds "9"]
[EventCountry "GER"]
[SourceTitle "EXT 2018"]
[Source "ChessBase"]
[SourceDate "2017.10.13"]
[SourceVersion "1"]
[SourceVersionDate "2017.10.13"]
[SourceQuality "1"]
[WhiteTeam "Ingolstadt"]
[BlackTeam "Ilmmuenster"]
[WhiteTeamCountry "GER"]
[BlackTeamCountry "GER"]

1. Nf3 Nf6 2. d4 c5 3. d5 e6 4. c4 b5 5. Bg5 h6 6. Bxf6 Qxf6 7. Nc3 b4 8. Nb5 Kd8 9. Qa4 a5 10. Qc2 e5 11. a3 Na6 12. e4 d6 13. Be2 Be7 14. Qa4 Nb8 15. axb4 cxb4 16. c5 dxc5 17. d6 Bf8 18. Nc7 Ra7 19. Qe8# 1-0

[Event "Regionalliga SO 1516"]
[Site "Bayern"]
[Date "2016.01.31"]
[Round "6.2"]
[White "Huber, Edwin"]
[Black "Gesing, Oliver"]
[Result "1-0"]
[WhiteElo "2172"]
[BlackElo "2104"]
[PlyCount "77"]
[EventDate "2015.10.11"]
[EventType "team-tourn"]
[EventRounds "9"]
[EventCountry "GER"]
[SourceTitle "EXT 2018"]
[Source "ChessBase"]
[SourceDate "2017.10.13"]
[SourceVersion "1"]
[SourceVersionDate "2017.10.13"]
[SourceQuality "1"]
[WhiteTeam "Ilmmuenster"]
[BlackTeam "Graefelfing"]
[WhiteTeamCountry "GER"]
[BlackTeamCountry "GER"]

1. d4 d5 2. e4 e6 3. Nc3 Bb4 4. e5 c5 5. a3 Bxc3+ 6. bxc3 Ne7 7. Qg4 cxd4 8. Qxg7 Rg8 9. Qxh7 Qc7 10. Ne2 Nbc6 11. f4 Bd7 12. Qd3 dxc3 13. h4 d4 14. h5 0-0-0 15. Rb1 Nf5 16. Rg1 f6 17. g4 Nh6 18. exf6 Rxg4 19. Rxg4 Nxg4 20. Nxd4 Na5 21. Qg6 Qc5 22. Qxg4 Qxd4 23. Rb4 Qd6 24. Be2 Nc6 25. Rc4 Qd5 26. Qf3 Qf5 27. Qxc3 Rg8 28. Qe5 Qh3 29. f7 Qg3+ 30. Kd2 Rd8 31. Qg5 Qxg5 32. fxg5 Be8+ 33. Bd3 Bxf7 34. g6 Be8 35. Bb2 Rd5 36. g7 Bf7 37. Rf4 Bg8 38. Rf8+ Rd8 39. Bf6 1-0

[Event "Regionalliga SO 1516"]
[Site "Bayern"]
[Date "2015.10.11"]
[Round "1.2"]
[White "Huber, Edwin"]
[Black "Wisnet, Dominic"]
[Result "0-1"]
[WhiteElo "2172"]
[BlackElo "2344"]
[PlyCount "50"]
[EventDate "2015.10.11"]
[EventType "team-tourn"]
[EventRounds "9"]
[EventCountry "GER"]
[SourceTitle "EXT 2018"]
[Source "ChessBase"]
[SourceDate "2017.10.13"]
[SourceVersion "1"]
[SourceVersionDate "2017.10.13"]
[SourceQuality "1"]
[WhiteTeam "Ilmmuenster"]
[BlackTeam "Roehrnbach"]
[WhiteTeamCountry "GER"]
[BlackTeamCountry "GER"]

1. d4 Nf6 2. Nc3 c5 3. dxc5 Qa5 4. Bd2 Qxc5 5. e4 d5 6. exd5 Nxd5 7. Nf3 Nc6 8. Ne4 Qb6 9. Bc4 e6 10. 0-0 Be7 11. Qe2 0-0 12. Rad1 Qc7 13. Bb3 a5 14. c4 Nf4 15. Qe3 e5 16. Nc3 Bg4 17. Nb5 Qc8 18. Bc3 Bc5 19. Qxc5 Bxf3 20. Qe3 Bxg2 21. Rfe1 Qf5 22. Nd6 Qh5 23. Bxe5 Nxe5 24. Qxe5 Qg4 25. Re3 Bf3+ 0-1

[Event "Schwarzach op 30th"]
[Site "Schwarzach"]
[Date "2015.08.23"]
[Round "3"]
[White "Huber, Edwin"]
[Black "Hilverda, Alexander"]
[Result "0-1"]
[WhiteElo "2176"]
[BlackElo "2382"]
[PlyCount "48"]
[EventDate "2015.08.22"]
[EventType "swiss"]
[EventRounds "9"]
[EventCountry "AUT"]
[SourceTitle "EXT 2016"]
[Source "ChessBase"]
[SourceDate "2015.10.08"]
[SourceVersion "1"]
[SourceVersionDate "2015.10.08"]
[SourceQuality "1"]

1. d4 Nf6 2. Nc3 d5 3. e4 dxe4 4. f3 exf3 5. Nxf3 g6 6. Bc4 Bg7 7. 0-0 0-0 8. Qe1 Nc6 9. Qh4 Bf5 10. Bh6 Ng4 11. Bxg7 Kxg7 12. Qe1 Nxd4 13. Rd1 c5 14. h3 Nf6 15. g4 Bxc2 16. Rd2 a6 17. g5 Nh5 18. Nd5 b5 19. Nxd4 cxd4 20. Rxd4 Qd6 21. Kg2 bxc4 22. Qc3 e5 23. Rf6 Nxf6 24. gxf6+ Kg8 0-1

[Event "Forchheim op-A 13th"]
[Site "Forchheim"]
[Date "2014.10.05"]
[Round "5"]
[White "Jaehn, Michael"]
[Black "Huber, Edwin"]
[Result "0-1"]
[WhiteElo "1984"]
[BlackElo "2148"]
[PlyCount "106"]
[EventDate "2014.10.03"]
[EventType "swiss"]
[EventRounds "5"]
[EventCountry "GER"]
[SourceTitle "EXT 2019"]
[Source "ChessBase"]
[SourceDate "2018.10.10"]
[SourceVersion "1"]
[SourceVersionDate "2018.10.10"]
[SourceQuality "1"]

1. d4 c5 2. d5 Nf6 3. Nc3 d6 4. e4 e6 5. Nf3 exd5 6. exd5 Bg4 7. Be2 Bxf3 8. Bxf3 Be7 9. 0-0 0-0 10. Re1 Na6 11. Bf4 Re8 12. Qd2 Qd7 13. a4 Nc7 14. Qd3 a6 15. a5 Bf8 16. Bg5 Ng4 17. Bf4 Ne5 18. Bxe5 Rxe5 19. Rxe5 dxe5 20. Qe4 Bd6 21. Qa4 Rd8 22. Qxd7 Rxd7 23. Bg4 Rd8 24. Be2 Kf8 25. Bc4 f5 26. f3 Ke7 27. Kf2 Ne8 28. Ke2 Bc7 29. Kd3 h5 30. g3 g5 31. h3 Nf6 32. g4 e4+ 33. fxe4 fxg4 34. hxg4 Nxg4 35. Ke2 Ne5 36. b3 h4 37. Rf1 Rf8 38. d6+ Bxd6 39. Nd5+ Kd8 40. Ne3 Rxf1 41. Kxf1 Nxc4 42. Nxc4 Bc7 43. Kg2 g4 44. Ne3 h3+ 45. Kh1 g3 46. Nf5 Kd7 47. Ng7 Ke7 48. c4 Kf7 49. Nf5 Kf6 50. Kg1 Kg5 51. Ng7 Bf4 52. Ne6+ Kg4 53. Kh1 Bd2 0-1

[Event "Munich OIS op 33rd"]
[Site "Munich"]
[Date "2013.10.02"]
[Round "5"]
[White "Huber, Edwin"]
[Black "Koepke, Christian"]
[Result "1/2-1/2"]
[WhiteElo "2153"]
[BlackElo "2340"]
[PlyCount "30"]
[EventDate "2013.09.28"]
[EventType "swiss"]
[EventRounds "9"]
[EventCountry "GER"]
[SourceTitle "CBM 156 Extra"]
[Source "ChessBase"]
[SourceDate "2013.10.22"]
[SourceVersion "1"]
[SourceVersionDate "2013.10.22"]
[SourceQuality "1"]

1. d4 Nf6 2. Nc3 d5 3. e4 Nxe4 4. Nxe4 dxe4 5. Bc4 Nc6 6. c3 e5 7. d5 Ne7 8. f3 exf3 9. Nxf3 c6 10. Bg5 cxd5 11. Nxe5 Qd6 12. Qa4+ Bd7 13. Nxd7 Qxd7 14. Bb5 Nc6 15. 0-0-0 f6 1/2-1/2

[Event "Regionalliga SO 1011"]
[Site "Bayern"]
[Date "2011.01.16"]
[Round "5.2"]
[White "Class, Wolfgang"]
[Black "Huber, Edwin"]
[Result "1/2-1/2"]
[WhiteElo "2065"]
[BlackElo "2118"]
[PlyCount "134"]
[EventDate "2010.10.10"]
[EventType "team-tourn"]
[EventRounds "9"]
[EventCountry "GER"]
[SourceTitle "EXT 2012"]
[Source "ChessBase"]
[SourceDate "2011.11.24"]
[SourceVersion "1"]
[SourceVersionDate "2011.11.24"]
[SourceQuality "1"]
[WhiteTeam "Ingolstadt II"]
[BlackTeam "Ilmmuenster"]
[WhiteTeamCountry "GER"]
[BlackTeamCountry "GER"]

1. d4 Nf6 2. Nf3 c5 3. d5 e6 4. c4 b5 5. Bg5 exd5 6. cxd5 d6 7. e4 Be7 8. Bxb5+ Nbd7 9. Nc3 0-0 10. 0-0 Rb8 11. Re1 h6 12. Bc1 Ng4 13. Bf1 Bf6 14. h3 Nge5 15. Nh2 Re8 16. Qc2 Qb6 17. Rb1 Ba6 18. b3 Qa5 19. Bd2 Bxf1 20. Nxf1 Qa6 21. Ne3 Nd3 22. Rf1 Nb4 23. Qc1 Nxa2 24. Nxa2 Qxa2 25. Nc4 Rxe4 26. Nxd6 Rd4 27. Bc3 Rxd5 28. Ne4 Bd4 29. Bxd4 cxd4 30. Qc4 Nb6 31. Qc7 Rc8 32. Qf4 Rd7 33. Rfe1 Rcd8 34. Nc5 Rd6 35. Nb7 Rf6 36. Qxf6 gxf6 37. Nxd8 Nd5 38. Ra1 Qxb3 39. Rxa7 Qb6 40. Re8+ Kg7 41. Rxf7+ Kg6 42. Rg8+ Kf5 43. Rd7 Nc3 44. Nf7 Qb1+ 45. Kh2 Ne2 46. Nxh6+ Ke6 47. Re8+ Kxd7 48. Rxe2 d3 49. Re4 Qb6 50. Ng4 f5 51. Re3 Qd6+ 52. Ne5+ Ke6 53. Rxd3 Qxe5+ 54. g3 Kf6 55. Rf3 Qe2 56. Rf4 Kg5 57. Kg2 Qd2 58. h4+ Kg6 59. Kh2 Qc1 60. Kg2 Kf6 61. Kh2 Ke5 62. Kg2 Qd1 63. Kh2 Qf1 64. h5 Qe2 65. h6 Kf6 66. h7 Kg7 67. Rxf5 Kxh7 1/2-1/2

[Event "Regionalliga SO 1011"]
[Site "Bayern"]
[Date "2010.11.14"]
[Round "3.2"]
[White "Hauschild, Helmut"]
[Black "Huber, Edwin"]
[Result "1-0"]
[WhiteElo "2133"]
[BlackElo "2118"]
[PlyCount "78"]
[EventDate "2010.10.10"]
[EventType "team-tourn"]
[EventRounds "9"]
[EventCountry "GER"]
[SourceTitle "EXT 2012"]
[Source "ChessBase"]
[SourceDate "2011.11.24"]
[SourceVersion "1"]
[SourceVersionDate "2011.11.24"]
[SourceQuality "1"]
[WhiteTeam "Waldkraiburg"]
[BlackTeam "Ilmmuenster"]
[WhiteTeamCountry "GER"]
[BlackTeamCountry "GER"]

1. e4 c5 2. d3 g6 3. g3 Bg7 4. Bg2 d6 5. f4 Nc6 6. Nf3 b5 7. 0-0 a5 8. a4 b4 9. Nbd2 Ba6 10. Kh1 Rc8 11. e5 d5 12. Nb3 Qb6 13. Be3 Nb8 14. Re1 Nd7 15. Bg1 e6 16. d4 c4 17. Nc5 Nxc5 18. dxc5 Qb8 19. f5 gxf5 20. Ng5 h6 21. Nh3 Ne7 22. Bd4 Bb7 23. Nf4 0-0 24. Nh5 Ng6 25. Nf6+ Bxf6 26. exf6 Kh7 27. Qh5 e5 28. Rxe5 Nxe5 29. Be3 Ng4 30. Qxf5+ Kh8 31. Qxg4 Rg8 32. Qh5 Rg6 33. Bxh6 Kg8 34. Bg7 Rxg7 35. fxg7 Kxg7 36. Rf1 Qc7 37. Qg5+ Kf8 38. Qh6+ Ke8 39. Re1+ Kd7 1-0

[Event "Regionalliga SO 1011"]
[Site "Bayern"]
[Date "2010.10.10"]
[Round "1.2"]
[White "Huber, Edwin"]
[Black "Bielmeier, Ludwig"]
[Result "1-0"]
[WhiteElo "2118"]
[BlackElo "2005"]
[PlyCount "87"]
[EventDate "2010.10.10"]
[EventType "team-tourn"]
[EventRounds "9"]
[EventCountry "GER"]
[SourceTitle "EXT 2012"]
[Source "ChessBase"]
[SourceDate "2011.11.24"]
[SourceVersion "1"]
[SourceVersionDate "2011.11.24"]
[SourceQuality "1"]
[WhiteTeam "Ilmmuenster"]
[BlackTeam "Deggendorf"]
[WhiteTeamCountry "GER"]
[BlackTeamCountry "GER"]

1. e4 e5 2. Bc4 d6 3. d3 Qe7 4. Nf3 Nd7 5. Nc3 c6 6. a4 g6 7. Be3 Bg7 8. Qd2 h6 9. 0-0 Ngf6 10. h3 g5 11. Nh2 Nf8 12. d4 Ng6 13. Rfd1 0-0 14. f3 Re8 15. Ba2 Nh5 16. Ng4 Nhf4 17. dxe5 dxe5 18. Qd6 Ne6 19. Ne2 h5 20. Nf2 Qxd6 21. Rxd6 Bf8 22. Rd2 Ngf4 23. Ng3 Ng7 24. Rad1 Be7 25. Nd3 h4 26. Nxe5 hxg3 27. Bxf7+ Kf8 28. Bxe8 Kxe8 29. Nd3 Nge6 30. Kf1 b6 31. c4 Ba6 32. b3 Bf6 33. Nxf4 gxf4 34. Rd6 Kf7 35. Bc1 Nc5 36. Bxf4 Rg8 37. Rxc6 Nxb3 38. Rd7+ Be7 39. Rcc7 Re8 40. Bg5 Bxc4+ 41. Ke1 Kg6 42. Rxe7 Rxe7 43. Bxe7 Be6 44. Bd6 1-0

[Event "Regionalliga SO 0910"]
[Site "Bayern"]
[Date "2009.12.13"]
[Round "4.2"]
[White "Huber, Edwin"]
[Black "Poetsch, Klaus"]
[Result "1/2-1/2"]
[WhiteElo "2129"]
[BlackElo "2083"]
[PlyCount "51"]
[EventDate "2009.10.18"]
[EventType "team-tourn"]
[EventRounds "9"]
[EventCountry "GER"]
[SourceTitle "EXT 2011"]
[Source "ChessBase"]
[SourceDate "2010.11.26"]
[SourceVersion "1"]
[SourceVersionDate "2010.11.26"]
[SourceQuality "1"]
[WhiteTeam "Ilmmuenster"]
[BlackTeam "Waldkraiburg"]
[WhiteTeamCountry "GER"]
[BlackTeamCountry "GER"]

1. d4 d5 2. e4 c6 3. Nc3 dxe4 4. Bc4 Nf6 5. f3 e3 6. Bxe3 g6 7. Qd2 Bg7 8. Nge2 b5 9. Bb3 a5 10. a4 b4 11. Ne4 h6 12. Nxf6+ Bxf6 13. Bxh6 Ba6 14. Be3 Nd7 15. Ng3 Qc7 16. 0-0-0 Nb6 17. Bf4 Qa7 18. Ne4 0-0-0 19. Nxf6 exf6 20. Qf2 Nd5 21. Bd2 Rd7 22. h3 Nc7 23. Be3 Re8 24. Rhe1 Rde7 25. Bd2 Ne6 26. c3 1/2-1/2

[Event "Munich OIS op 29th"]
[Site "Munich"]
[Date "2009.10.07"]
[Round "5"]
[White "Lammers, Markus"]
[Black "Huber, Edwin"]
[Result "1/2-1/2"]
[WhiteElo "2347"]
[BlackElo "2117"]
[PlyCount "100"]
[EventDate "2009.10.03"]
[EventType "swiss"]
[EventRounds "9"]
[EventCountry "GER"]
[SourceTitle "EXT 2010"]
[Source "ChessBase"]
[SourceDate "2010.11.25"]
[SourceVersion "1"]
[SourceVersionDate "2010.11.25"]
[SourceQuality "1"]

1. Nf3 g6 2. d4 Bg7 3. g3 d5 4. Bg2 Nf6 5. c4 dxc4 6. Qa4+ c6 7. Qxc4 Qa5+ 8. Nc3 Be6 9. Qd3 Bf5 10. Qd1 Ne4 11. Qb3 Nd6 12. 0-0 Nd7 13. Re1 Qb6 14. Qxb6 Nxb6 15. e4 Bg4 16. Ne5 Bxe5 17. dxe5 Ndc4 18. f4 0-0-0 19. h3 Be6 20. b3 Rd3 21. Nb1 Rxg3 22. Kf2 Rd3 23. bxc4 Nxc4 24. Bf1 Rhd8 25. Bxd3 Rxd3 26. h4 b5 27. Be3 a5 28. Bc5 Bg4 29. Bxe7 Rf3+ 30. Kg2 Ne3+ 31. Rxe3 Rxe3 32. Nd2 h5 33. Nb3 Rxe4 34. Rc1 Re2+ 35. Kg3 Re3+ 36. Kg2 Re2+ 37. Kg3 Re3+ 38. Kf2 Re2+ 39. Kg1 Rxa2 40. Bd6 Kb7 41. Nd4 Bd7 42. Nxb5 cxb5 43. Rc7+ Kb6 44. Rxd7 b4 45. Rd8 Kb5 46. Rb8+ Kc4 47. Rc8+ Kd3 48. Rb8 Kc4 49. Rc8+ Kd3 50. Rb8 Kc4 1/2-1/2

[Event "Regionalliga SO 0809"]
[Site "Bayern"]
[Date "2009.03.29"]
[Round "9.1"]
[White "Huber, Edwin"]
[Black "Zill, Christoph"]
[Result "1/2-1/2"]
[WhiteElo "2061"]
[BlackElo "2144"]
[PlyCount "27"]
[EventDate "2008.10.05"]
[EventType "team-tourn"]
[EventRounds "9"]
[EventCountry "GER"]
[SourceTitle "EXT 2020"]
[Source "ChessBase"]
[SourceDate "2019.10.17"]
[SourceVersion "1"]
[SourceVersionDate "2019.10.17"]
[SourceQuality "1"]
[WhiteTeam "Ilmmuenster"]
[BlackTeam "Freising"]
[WhiteTeamCountry "GER"]
[BlackTeamCountry "GER"]

1. d4 Nf6 2. Nc3 d5 3. e4 e6 4. Bg5 dxe4 5. Nxe4 Be7 6. Bxf6 Bxf6 7. Nf3 Nd7 8. Qd2 0-0 9. 0-0-0 Be7 10. Bd3 c5 11. Qf4 cxd4 12. Neg5 h6 13. h4 Nc5 14. Bh7+ 1/2-1/2